|
|
|
|
| LEADER |
01480nam a2200421 a 4500 |
| 001 |
nkc20142568211 |
| 003 |
CZ PrNK |
| 005 |
20140401070413.0 |
| 007 |
ta |
| 008 |
140303s2014 xr a a 000 p cze |
| 015 |
|
|
|a cnb002568211
|
| 020 |
|
|
|a 978-80-263-0540-8
|q (leporelo)
|
| 035 |
|
|
|a (OCoLC)876342659
|
| 040 |
|
|
|a ABA001
|b cze
|
| 072 |
|
7 |
|a 821-93
|x Literatura pro děti a mládež (beletrie)
|2 Konspekt
|9 26
|
| 080 |
|
|
|a 821-93
|2 MRF
|
| 080 |
|
|
|a 821-193
|2 MRF
|
| 080 |
|
|
|a (0:82-193)
|2 MRF
|
| 080 |
|
|
|a (0.025.2)
|2 MRF
|
| 100 |
1 |
|
|a Richterová, Romana,
|d 1977-
|7 xx0172397
|4 aut
|
| 245 |
1 |
0 |
|a Co nosíme? :
|b ostrov objevů /
|c Romana Richterová ; [ilustrovala Jana Hofmannová]
|
| 246 |
3 |
0 |
|a Ostrov objevů
|
| 250 |
|
|
|a Vyd. 1.
|
| 260 |
|
|
|a Brno :
|b Tribun EU,
|c 2014
|
| 300 |
|
|
|a [12] s. :
|b barev. il. :
|c 15 x 22 cm
|
| 655 |
|
7 |
|a publikace pro děti
|7 fd133156
|2 czenas
|
| 655 |
|
7 |
|a říkadla
|7 fd133992
|2 czenas
|
| 655 |
|
7 |
|a leporela
|7 fd132727
|2 czenas
|
| 655 |
|
9 |
|a children's literature
|2 eczenas
|
| 655 |
|
9 |
|a children's poetry
|2 eczenas
|
| 655 |
|
9 |
|a folding picture-books
|2 eczenas
|
| 700 |
1 |
|
|a Hofmannová, Jana
|7 jo2014810408
|4 ill
|
| 910 |
2 |
|
|a BOA001
|b 2-1322.590
|
| 990 |
|
|
|a BK
|
| 995 |
|
|
|a 01
|
| 991 |
|
|
|b 201403
|c NOV
|e db
|
| 996 |
6 |
|
|b 2610582824
|c 2-1322.590
|l MZK
|r Sklad / do 1 hodiny
|n 0
|p p.v.
|w 001404865
|u 000010
|a 1
|e BOA001
|j MZK50
|s P
|
| 996 |
7 |
|
|b 2610582825
|c 2-1322.590
|l MZK
|r Sklad / do 1 hodiny
|n 1
|p p.v.
|w 001404865
|u 000020
|a 1
|e BOA001
|j MZK50
|s A
|